000 00238 a2200097 4500
001 59753
100 _a
245 _aYaqeen Ki Quwat (Urdu); You'll see it when you believe it
260 _aLahore
_bBook Home
_c2008
090 _c36623
_d36623
942 _aNUST-CAE
_c
_c29584
999 _c294826
_d294826